Caballo loco / (Registro nro. 10556)

Detalles MARC
000 -LIDER
fixed length control field 00951nam a22003137a 4500
001 - NÚMERO DE CONTROL
Identificador de número de control 000314
003 - IDENTIFICACDOR DE NÚMERO DE CONTROL
control field DO-SdBPM
005 - DATE AND TIME OF LATEST TRANSACTION
control field 20250108120036.0
007 - CAMPOS FIJOS DE DESCRIPCIÓN FÍSICA
fixed length control field 000314
008 - ELEMENTOS DE LONGITUD FIJA
fixed length control field 160623b1999 sp | 00| 0 spa d
020 ## - ISBN
International Standard Book Number 8439704976
040 ## - FUENTE DE CATALOGACIÓN
Agencia que crea de manera original el registro DO-SdBPM
Idioma de catalogación spa
Agencia que realiza la transcripción BPMSU
082 #4 - NÚMERO DE CLASIFICACIÓN DECIMAL DE DEWEY
Classification number 923
Item number C112M 2001
Edition number 22
092 ## - LOCALLY ASSIGNED DEWEY DECIMAL CALL NUMBER
Número de clasificación xxxxx
Número de ítem (Cutter) xxxx
100 1# - ASIENTO PRINCIPAL -- NOMBRE PERSONAL
Nombre personal McMurtry, Larry,
Fechas asociadas con el nombre 1936-
240 10 - TITULO UNIFORME
Título uniforme Crazy horse.
Idioma de una obra Español
245 10 - MENCIÓN DE TITULO
Título Caballo loco /
Mención de responsabilidad Larry McMurtry ; traducción de Miguel Martínez-Lage.
260 ## - PUBLICACIÓN, DISTRIBUCIÓN, ETC. (PIE DE IMPRENTA)
Lugar de publicación, distribución, etc Barcelona :
Nombre del editor, distribuidor, etc. Mondadori,
Fecha de publicación, distribución, etc 2001.
300 ## - DESCRIPCIÓN FÍSICA
Extensión 162 p. ;
Dimensiones 20 cm
490 0# - MENCIÓN DE SERIES
Mención de serie Vita breve
534 ## - NOTA SOBRE LA VERSIÓN ORIGINAL
Frase introductoria Título original.
Mención del título original Crazy horse.
590 ## - NOTA LOCAL
Texto de la nota local Inventariado, 2025/VM
600 14 - ENCABEZAMIENTO DE MATERIA--NOMBRE PERSONAL
Nombre personal Caballo Loco,
Fechas asociadas con el nombre 1840-1877.
650 #4 - ENCABEZAMIENTO DE MATERIA--TEMÁTICO
Término temático o nombre geográfico como elemento de entrada Indígenas de Estados Unidos
Subdivisión temática general Historia.
651 #4 - ENCABEZAMIENTO DE MATERIA--NOMBRE GEOGRÁFICO
Nombre geográfico Sioux
Subdivisión temática general Vida social y costumbres
700 1# - ASIENTO SECUNDARIO -- NOMBRE PERSONAL
Nombre personal Crazy horse,
Mención de responsabilidad traductor
910 ## - VALIDACIÓN
Validación VMateo V. Control de calidad. BPMSU
942 ## - ADDED ENTRY ELEMENTS (KOHA)
Source of classification or shelving scheme Dewey Decimal Classification
Koha item type Libros
Existencias
Withdrawn status Lost status Source of classification or shelving scheme Damaged status Not for loan Collection code Home library Current library Date acquired Source of acquisition Total Checkouts Full call number Barcode Date last seen Price effective from Koha item type Copy number
    Dewey Decimal Classification     Colección General Biblioteca Pública Metropolitana Salomé Ureña Biblioteca Pública Metropolitana Salomé Ureña 06/23/2016   BPMSU CG 923 C112M 2001 BPMSU16060472 06/23/2016 06/23/2016 Libros  
    Dewey Decimal Classification     Colección General Biblioteca Pública Metropolitana Salomé Ureña Biblioteca Pública Metropolitana Salomé Ureña 06/23/2016 Donación   BPMSU CG 923 C112M 2001 BPMSU16060473 06/23/2016 06/23/2016 Libros e.2
    Dewey Decimal Classification       Biblioteca Pública Metropolitana Salomé Ureña Biblioteca Pública Metropolitana Salomé Ureña 06/23/2016 Donación   BPMSU CG 923 C112M 2001 BPMSU16060474 06/23/2016 06/23/2016 Libros e.3